Environmental biotechnology (Record no. 480141)
[ view plain ]
| 000 -LEADER | |
|---|---|
| fixed length control field | 01145cam a22003254a 4500 |
| 001 - CONTROL NUMBER | |
| control field | 8363473 |
| 003 - CONTROL NUMBER IDENTIFIER | |
| control field | ASAB |
| 005 - DATE AND TIME OF LATEST TRANSACTION | |
| control field | 20180827062643.0 |
| 006 - FIXED-LENGTH DATA ELEMENTS--ADDITIONAL MATERIAL CHARACTERISTICS | |
| fixed length control field | m d |
| 007 - PHYSICAL DESCRIPTION FIXED FIELD--GENERAL INFORMATION | |
| fixed length control field | cr n |
| 008 - FIXED-LENGTH DATA ELEMENTS--GENERAL INFORMATION | |
| fixed length control field | 091109s2010 nyua sb 001 0 eng d |
| 020 ## - INTERNATIONAL STANDARD BOOK NUMBER | |
| International Standard Book Number | 978-81-926689-0-1 |
| 035 ## - SYSTEM CONTROL NUMBER | |
| System control number | (WaSeSS)ssj0000399156 |
| 040 ## - CATALOGING SOURCE | |
| Original cataloging agency | DLC |
| Transcribing agency | ASAB |
| Modifying agency | WaSeSS |
| 050 #4 - LIBRARY OF CONGRESS CALL NUMBER | |
| Classification number | TA192.5 |
| Item number | .E5785 2010 |
| 210 10 - ABBREVIATED TITLE | |
| Abbreviated title | Environmental biotechnology |
| 245 00 - TITLE STATEMENT | |
| Title | Environmental biotechnology |
| Statement of responsibility, etc. | by A.K. Shrivastava |
| 260 ## - PUBLICATION, DISTRIBUTION, ETC. | |
| Place of publication, distribution, etc. | New Delhi : |
| Name of publisher, distributor, etc. | Agrotech Press, |
| Date of publication, distribution, etc. | c2013. |
| 300 ## - PHYSICAL DESCRIPTION | |
| Extent | 254 P. |
| 490 0# - SERIES STATEMENT | |
| Series statement | Handbook of environmental engineering, |
| Volume/sequential designation | vol. 10 |
| 504 ## - BIBLIOGRAPHY, ETC. NOTE | |
| Bibliography, etc. note | Includes bibliographical references and index. |
| 506 ## - RESTRICTIONS ON ACCESS NOTE | |
| Terms governing access | License restrictions may limit access. |
| 650 #0 - SUBJECT ADDED ENTRY--TOPICAL TERM | |
| Topical term or geographic name entry element | Bioremediation. |
| 9 (RLIN) | 1965 |
| 650 #0 - SUBJECT ADDED ENTRY--TOPICAL TERM | |
| Topical term or geographic name entry element | Biotechnology |
| General subdivision | Environmental aspects. |
| 9 (RLIN) | 1966 |
| 700 1# - ADDED ENTRY--PERSONAL NAME | |
| Personal name | Wang, Lawrence K. |
| 9 (RLIN) | 1967 |
| 773 #0 - HOST ITEM ENTRY | |
| Title | SpringerLink ebooks - Engineering (2010) |
| 856 40 - ELECTRONIC LOCATION AND ACCESS | |
| Uniform Resource Identifier | <a href="http://www.columbia.edu/cgi-bin/cul/resolve?clio8363473">http://www.columbia.edu/cgi-bin/cul/resolve?clio8363473</a> |
| Public note | Full text available from SpringerLink ebooks - Engineering (2010) |
| 910 ## - USER-OPTION DATA (OCLC) | |
| User-option data | Library of Congress record |
| 942 ## - ADDED ENTRY ELEMENTS (KOHA) | |
| Source of classification or shelving scheme | |
| Koha item type | Book |
| Withdrawn status | Lost status | Source of classification or shelving scheme | Damaged status | Not for loan | Collection code | Permanent Location | Current Location | Date acquired | Total Checkouts | Full call number | Barcode | Date last seen | Price effective from | Koha item type |
|---|---|---|---|---|---|---|---|---|---|---|---|---|---|---|
| Atta-ur-Rahman School of Applied Biosciences (ASAB) | Atta-ur-Rahman School of Applied Biosciences (ASAB) | 06/22/2016 | 660.6 SHR | ASAB3361 | 06/22/2016 | 06/22/2016 | Book |
